header

The Hardy Boys (Record no. 260712)

MARC details
000 -LEADER
fixed length control field 00243nam a22001097a 4500
020 ## - INTERNATIONAL STANDARD BOOK NUMBER
ISBN 9781416991649
100 ## - MAIN ENTRY--AUTHOR NAME
Personal name Franklin W. Dixon
245 ## - TITLE STATEMENT
Title The Hardy Boys
260 ## - PUBLICATION, DISTRIBUTION, ETC. (IMPRINT)
Place of publication New York
Name of publisher Simon & Schuster
Year of publication 2010
300 ## - PHYSICAL DESCRIPTION
Number of Pages 86 pgs
942 ## - ADDED ENTRY ELEMENTS (KOHA)
Koha item type Long Loan Books
Holdings
Withdrawn status Lost status Collection code Home library Current library Shelving location Date acquired Accession Number Koha item type
    Fiction Rongo University Library Rongo University Library Children's Area 27/09/2023 CL20222459 Long Loan Books

© 2026 Rongo University
Contact us: librarian | system librarian | Rongo university